Guys and dolls (Record no. 761)
[ view plain ]
| 000 -LEADER | |
|---|---|
| fixed length control field | 02517cgm a2200577Ia 4500 |
| 003 - CONTROL NUMBER IDENTIFIER | |
| control field | data |
| 005 - DATE AND TIME OF LATEST TRANSACTION | |
| control field | 20260322212033.0 |
| 007 - PHYSICAL DESCRIPTION FIXED FIELD--GENERAL INFORMATION | |
| fixed length control field | data |
| 008 - FIXED-LENGTH DATA ELEMENTS--GENERAL INFORMATION | |
| fixed length control field | data |
| 020 ## - INTERNATIONAL STANDARD BOOK NUMBER | |
| International Standard Book Number | 1424808790 |
| 020 ## - INTERNATIONAL STANDARD BOOK NUMBER | |
| International Standard Book Number | 9781424808793 |
| 024 1# - OTHER STANDARD IDENTIFIER | |
| Standard number or code | 027616143112 |
| 028 40 - PUBLISHER OR DISTRIBUTOR NUMBER | |
| Publisher or distributor number | 14311 |
| 040 ## - CATALOGING SOURCE | |
| Original cataloging agency | LVL |
| Transcribing agency | LVL |
| Modifying agency | MZN |
| -- | OCLCQ |
| -- | MZN |
| 041 1# - LANGUAGE CODE | |
| Language code of text/sound track or separate title | spa |
| -- | fre |
| -- | spa |
| Language code of summary or abstract | spa |
| -- | fre |
| -- | spa |
| 050 #4 - LIBRARY OF CONGRESS CALL NUMBER | |
| Classification number | PN1997 |
| Item number | .G89 2000 |
| 090 ## - LOCALLY ASSIGNED LC-TYPE CALL NUMBER (OCLC); LOCAL CALL NUMBER (RLIN) | |
| Classification number (OCLC) (R) ; Classification number, CALL (RLIN) (NR) | DVD 625 |
| 001 - CONTROL NUMBER | |
| control field | data |
| 245 10 - TITLE STATEMENT | |
| Title | Guys and dolls |
| Medium | [videorecording] / |
| Statement of responsibility, etc. | Joseph L. Mankiewicz ... [et al.]. |
| 250 ## - EDITION STATEMENT | |
| Edition statement | Deluxe ed. |
| 260 ## - PUBLICATION, DISTRIBUTION, ETC. | |
| Place of publication, distribution, etc. | Culver City, CA : |
| Name of publisher, distributor, etc. | Distributed by Sony Pictures Home Entertainment Inc., |
| Date of publication, distribution, etc. | 2006, 1955. |
| 300 ## - PHYSICAL DESCRIPTION | |
| Extent | 1 videodisc (149 min.) : |
| Other physical details | sd., col. ; |
| Dimensions | 4 3/4 in. |
| 500 ## - GENERAL NOTE | |
| General note | Based on the play: Guys and dolls / book by Jo Swerling and Abe Burrows, from a Damon Runyon story. |
| 500 ## - GENERAL NOTE | |
| General note | A videodisc release of the motion picture originally produced in 1955. |
| 500 ## - GENERAL NOTE | |
| General note | Special features: Guys and Dolls: from stage to screen documentary; Guys and Dolls: The Goldwyn Touch documentary and more! |
| 508 ## - CREATION/PRODUCTION CREDITS NOTE | |
| Creation/production credits note | Credits: Photographer, Harry Stradling ; film editor, Daniel Mandell ; music and lyrics by Frank Loesser ; choreography, Michael Kidd. |
| 511 1# - PARTICIPANT OR PERFORMER NOTE | |
| Participant or performer note | Marlon Brando, Jean Simmons, Frank Sinatra, Vivian Blaine, Robert Keith, Stubby Kaye. |
| 520 ## - SUMMARY, ETC. | |
| Summary, etc. | Musical comedy about the romancing of a beautiful Salvation Army missionary on a bet by a New York gentleman gambler. What initally begins as a bet, however, turns into true love. |
| 538 ## - SYSTEM DETAILS NOTE | |
| System details note | DVD; Dolby digital; 2.55:1 anamorphic widescreen. |
| 546 ## - LANGUAGE NOTE | |
| Language note | Language is English, French or Spanish with English, French or Spanish subtitles. Closed-captioned for the hearing impaired. |
| 610 20 - SUBJECT ADDED ENTRY--CORPORATE NAME | |
| Corporate name or jurisdiction name as entry element | Salvation Army |
| Form subdivision | Drama. |
| 650 #0 - SUBJECT ADDED ENTRY--TOPICAL TERM | |
| Topical term or geographic name entry element | Films for the hearing impaired. |
| 650 #0 - SUBJECT ADDED ENTRY--TOPICAL TERM | |
| Topical term or geographic name entry element | Missionaries |
| Form subdivision | Drama. |
| 650 #0 - SUBJECT ADDED ENTRY--TOPICAL TERM | |
| Topical term or geographic name entry element | Gamblers |
| Form subdivision | Drama. |
| 655 #0 - INDEX TERM--GENRE/FORM | |
| Genre/form data or focus term | Feature films. |
| 655 #0 - INDEX TERM--GENRE/FORM | |
| Genre/form data or focus term | Musicals. |
| 655 #0 - INDEX TERM--GENRE/FORM | |
| Genre/form data or focus term | Comedy films. |
| 700 1# - ADDED ENTRY--PERSONAL NAME | |
| Personal name | Mankiewicz, Joseph L. |
| 700 1# - ADDED ENTRY--PERSONAL NAME | |
| Personal name | Loesser, Frank, |
| Dates associated with a name | 1910-1969. |
| 700 1# - ADDED ENTRY--PERSONAL NAME | |
| Personal name | Kidd, Michael, |
| Dates associated with a name | 1919- |
| 700 1# - ADDED ENTRY--PERSONAL NAME | |
| Personal name | Sinatra, Frank, |
| Dates associated with a name | 1915-1998. |
| 700 1# - ADDED ENTRY--PERSONAL NAME | |
| Personal name | Brando, Marlon. |
| 700 1# - ADDED ENTRY--PERSONAL NAME | |
| Personal name | Simmons, Jean, |
| Dates associated with a name | 1929- |
| 700 1# - ADDED ENTRY--PERSONAL NAME | |
| Personal name | Blaine, Vivian, |
| Dates associated with a name | 1921-1995. |
| 700 1# - ADDED ENTRY--PERSONAL NAME | |
| Personal name | Goldwyn, Samuel, |
| Dates associated with a name | 1882-1974. |
| 700 1# - ADDED ENTRY--PERSONAL NAME | |
| Personal name | Runyon, Damon, |
| Dates associated with a name | 1880-1946. |
| Title of a work | Guys and dolls. |
| 700 1# - ADDED ENTRY--PERSONAL NAME | |
| Personal name | Swerling, Jo, |
| Dates associated with a name | 1897-1964. |
| Title of a work | Guys and dolls. |
| 710 2# - ADDED ENTRY--CORPORATE NAME | |
| Corporate name or jurisdiction name as entry element | Metro-Goldwyn-Mayer. |
| 710 2# - ADDED ENTRY--CORPORATE NAME | |
| Corporate name or jurisdiction name as entry element | Samuel Goldwyn Home Entertainment (Firm) |
| 710 2# - ADDED ENTRY--CORPORATE NAME | |
| Corporate name or jurisdiction name as entry element | Sony Pictures Home Entertainment (Firm) |
| Withdrawn status | Lost status | Damaged status | Not for loan | Home library | Current library | Shelving location | Date acquired | Total checkouts | Full call number | Barcode | Date last seen | Price effective from | Koha item type |
|---|---|---|---|---|---|---|---|---|---|---|---|---|---|
| Franklin | Franklin | General stacks | 22/03/2026 | PN1997 .G89 2000 | BC0010781 | 22/03/2026 | 22/03/2026 | Books |